000 00411nam a22001337a 4500
005 20251108173707.0
008 250721s2007 xx 000 0 ara d
100 1 _aجمعة, أسعد أحمد
245 1 0 _aدراسات في علم الإجتماع الإسلامي /
264 1 _aدمشق :
_bدار العصماء،
_c2007.
700 1 _aجمعة, عارف أسعد
942 _2ddc
_cBK
999 _c110145
_d110145